Válvulas de Recepción Manual RCA

Sparad:
Bibliografiska uppgifter
Materialtyp: Bok
Språk:Spanish
Publicerad: Buenos Aires, Argentina 1964
Taggar: Lägg till en tagg
Inga taggar, Lägg till första taggen!

MARC

LEADER 00000nam a2200000Ia 4500
003 001926
005 20221231143948.0
008 140114s1964 ag a 000 ||spa d
040 |c cru CEDI 
082 |a 621.381.51 V184v 
245 |a Válvulas de Recepción Manual RCA 
260 |a Buenos Aires, Argentina  |c 1964 
300 |a 650 páginas ;ilustraciones  
942 |2 ddc  |c BK 
999 |c 14872  |d 14872